Alle Städte in Rheinland-Pfalz - Statistiken

Allgemein
  • Dieses Quiz wurde 909 mal gespielt
    690 seit der letzten Aktualisierung
  • Das Durchschnittsergebnis liegt bei 54 aus 130
Antwortstatistiken
Rang Einwohner Stadt Landkreis % Korrekt
3 114.052 Koblenz kreisfrei
98%
1 218.578 Mainz kreisfrei
98%
4 111.528 Trier kreisfrei
97%
5 100.030 Kaiserslautern kreisfrei
95%
2 172.253 Ludwigshafen am Rhein kreisfrei
92%
9 51.170 Bad Kreuznach Bad Kreuznach
90%
6 83.542 Worms kreisfrei
90%
7 64.765 Neuwied Neuwied
89%
18 28.468 Bad Neuenahr-Ahrweiler Ahrweiler
87%
19 25.899 Bingen am Rhein Mainz-Bingen
87%
24 18.627 Alzey Alzey-Worms
86%
33 15.047 Bitburg Bitburg-Prüm
86%
22 19.162 Mayen Mayen-Koblenz
86%
25 18.575 Bad Dürkheim Bad Dürkheim
85%
20 20.798 Germersheim Germersheim
85%
90 5.240 Cochem Cochem-Zell
82%
65 7.133 Bernkastel-Kues Bernkastel-Wittlich
79%
64 7.381 Saarburg Trier-Saarburg
79%
75 6.305 Altenkirchen (Westerwald) Altenkirchen
78%
8 53.264 Neustadt an der Weinstraße kreisfrei
78%
23 19.069 Wittlich Bernkastel-Wittlich
78%
10 50.561 Speyer kreisfrei
77%
13 40.231 Pirmasens kreisfrei
76%
84 5.510 Prüm Bitburg-Prüm
76%
67 7.016 Birkenfeld Birkenfeld
74%
83 5.518 Kusel Kusel
74%
12 46.881 Landau in der Pfalz kreisfrei
73%
15 34.193 Zweibrücken kreisfrei
71%
103 4.073 Zell (Mosel) Cochem-Zell
70%
17 28.520 Idar-Oberstein Birkenfeld
67%
11 48.762 Frankenthal (Pfalz) kreisfrei
66%
14 35.193 Ingelheim am Rhein Mainz-Bingen
66%
16 29.922 Andernach Mayen-Koblenz
59%
32 15.413 Boppard Rhein-Hunsrück-Kreis
55%
28 18.042 Lahnstein Rhein-Lahn-Kreis
54%
30 17.116 Remagen Ahrweiler
51%
58 7.899 Simmern/Hunsrück Rhein-Hunsrück-Kreis
51%
34 13.998 Montabaur Westerwaldkreis
50%
21 20.412 Schifferstadt Rhein-Pfalz-Kreis
50%
119 2.779 St. Goar Rhein-Hunsrück-Kreis
50%
40 9.689 Bad Ems Rhein-Lahn-Kreis
48%
55 8.010 Daun Vulkaneifel
47%
62 7.757 Gerolstein Vulkaneifel
46%
59 7.898 Kirchheimbolanden Donnersbergkreis
45%
26 18.332 Konz Trier-Saarburg
45%
35 13.504 Grünstadt Bad Dürkheim
42%
27 18.120 Wörth am Rhein Germersheim
42%
29 17.630 Sinzig Ahrweiler
41%
37 11.084 Diez Rhein-Lahn-Kreis
40%
81 5.664 Traben-Trarbach Bernkastel-Wittlich
40%
53 8.285 Bad Bergzabern Südliche Weinstraße
39%
123 1.867 Bacharach Mainz-Bingen
37%
41 9.531 Bad Breisig Ahrweiler
37%
127 1.285 St. Goarshausen Rhein-Lahn-Kreis
37%
51 8.368 Landstuhl Kaiserslautern
36%
73 6.560 Bad Sobernheim Bad Kreuznach
35%
31 16.888 Bendorf Mayen-Koblenz
35%
36 11.215 Mülheim-Kärlich Mayen-Koblenz
35%
118 2.781 Oberwesel Rhein-Hunsrück-Kreis
35%
39 10.064 Betzdorf Altenkirchen
34%
54 8.162 Kirn Bad Kreuznach
34%
57 7.930 Ramstein-Miesenbach Kaiserslautern
34%
115 2.943 Adenau Ahrweiler
33%
38 10.143 Nieder-Olm Mainz-Bingen
33%
96 4.553 Dahn Südwestpfalz
32%
76 6.204 Linz am Rhein Neuwied
32%
48 8.843 Vallendar Mayen-Koblenz
32%
85 5.463 Kastellaun Rhein-Hunsrück-Kreis
30%
66 7.077 Annweiler am Trifels Südliche Weinstraße
29%
71 6.655 Edenkoben Südliche Weinstraße
29%
47 8.928 Mendig Mayen-Koblenz
29%
72 6.638 Hermeskeil Trier-Saarburg
28%
46 9.034 Kandel Germersheim
28%
68 6.865 Gau-Algesheim Mainz-Bingen
27%
77 6.122 Hachenburg Westerwaldkreis
27%
130 834 Kaub Rhein-Lahn-Kreis
27%
88 5.365 Rockenhausen Donnersbergkreis
27%
52 8.315 Wissen Altenkirchen
27%
56 7.968 Wörrstadt Alzey-Worms
27%
60 7.848 Schweich Trier-Saarburg
26%
63 7.582 Oppenheim Mainz-Bingen
25%
109 3.342 Stromberg Bad Kreuznach
25%
92 5.004 Unkel Neuwied
25%
99 4.257 Baumholder Birkenfeld
24%
112 3.137 Kaisersesch Cochem-Zell
24%
129 920 Kyllburg Bitburg-Prüm
24%
97 4.535 Nassau Rhein-Lahn-Kreis
24%
50 8.451 Nierstein Mainz-Bingen
24%
102 4.114 Rheinböllen Rhein-Hunsrück-Kreis
24%
116 2.814 Selters (Westerwald) Westerwaldkreis
24%
43 9.316 Eisenberg (Pfalz) Donnersbergkreis
23%
105 3.993 Kirchberg (Hunsrück) Rhein-Hunsrück-Kreis
23%
42 9.521 Osthofen Alzey-Worms
23%
110 3.322 Ulmen Cochem-Zell
23%
78 6.098 Bad Marienberg (Westerwald) Westerwaldkreis
22%
49 8.492 Kirchen (Sieg) Altenkirchen
22%
117 2.796 Meisenheim Bad Kreuznach
22%
70 6.711 Rodalben Südwestpfalz
22%
94 4.862 Emmelshausen Rhein-Hunsrück-Kreis
21%
44 9.261 Höhr-Grenzhausen Westerwaldkreis
21%
125 1.430 Hornbach Südwestpfalz
21%
120 2.144 Katzenelnbogen Rhein-Lahn-Kreis
21%
69 6.837 Polch Mayen-Koblenz
21%
106 3.705 Deidesheim Bad Dürkheim
20%
121 1.984 Lauterecken Kusel
20%
87 5.420 Wirges Westerwaldkreis
20%
79 6.009 Bad Hönningen Neuwied
19%
45 9.157 Weißenthurm Mayen-Koblenz
19%
82 5.657 Westerburg Westerwaldkreis
19%
98 4.398 Rennerod Westerwaldkreis
18%
107 3.558 Speicher Bitburg-Prüm
18%
113 3.002 Braubach Rhein-Lahn-Kreis
17%
111 3.235 Hillesheim Vulkaneifel
17%
104 4.050 Lambrecht (Pfalz) Bad Dürkheim
16%
126 1.402 Manderscheid Bernkastel-Wittlich
16%
108 3.449 Münstermaifeld Mayen-Koblenz
16%
61 7.783 Ransbach-Baumbach Westerwaldkreis
16%
80 5.741 Dierdorf Neuwied
15%
101 4.202 Nastätten Rhein-Lahn-Kreis
15%
128 1.051 Obermoschel Donnersbergkreis
15%
114 2.946 Rhens Mayen-Koblenz
15%
89 5.317 Otterberg Kaiserslautern
14%
91 5.111 Waldmohr Kusel
14%
122 1.903 Wolfstein Kusel
14%
93 4.884 Freinsheim Bad Dürkheim
13%
124 1.491 Neuerburg Bitburg-Prüm
13%
95 4.592 Wachenheim an der Weinstraße Bad Dürkheim
13%
100 4.243 Daaden Altenkirchen
12%
86 5.444 Hagenbach Germersheim
11%
74 6.546 Herdorf Altenkirchen
11%
Keine übereinstimmenden Quizze gefunden
Verteilung der Resultate
Anzahl Personen mit jedem Resultat
Perzentil nach korrekt beantworteten Fragen
Ihre Resultats-Entwicklung
Sie haben dieses Quiz seit der letzten Aktualisierung nicht gespielt